| Tag |
First Indicator |
Second Indicator |
Subfields |
| LEADER |
00000pam a2200000 a 4500 |
| 001 |
in00000513122 |
| 005 |
20151013093258.0 |
| 008 |
831118s1984 ilu b 00100 eng |
| 010 |
|
|
|a 83023525
|
| 020 |
|
|
|a 0673166244 (pbk.)
|
| 035 |
|
|
|a (OCoLC)10184407
|
| 035 |
|
|
|9 ACG1141AM
|
| 039 |
0 |
|
|a 2
|b 3
|c 3
|d 3
|e 3
|
| 040 |
|
|
|a DLC
|c DLC
|d TXA
|d UtOrBLW
|
| 043 |
|
|
|a n-us---
|
| 049 |
|
|
|a TXAM
|
| 050 |
0 |
0 |
|a HT321
|b .U2915 1984
|
| 082 |
0 |
|
|a 330.973/0927/091732
|2 19
|
| 245 |
0 |
0 |
|a Urban economic issues :
|b readings and analysis /
|c [compiled by] Stephen L. Mehay, Geoffrey E. Nunn.
|
| 264 |
|
1 |
|a Glenview, Ill. :
|b Scott, Foresman,
|c [1984]
|
| 264 |
|
4 |
|c ©1984
|
| 300 |
|
|
|a viii, 294 pages ;
|c 25 cm.
|
| 336 |
|
|
|a text
|b txt
|2 rdacontent
|
| 337 |
|
|
|a unmediated
|b n
|2 rdamedia
|
| 338 |
|
|
|a volume
|b nc
|2 rdacarrier
|
| 504 |
|
|
|a Includes bibliographical references and index.
|
| 650 |
|
0 |
|a Urban economics.
|
| 651 |
|
0 |
|a United States
|x Economic conditions.
|
| 700 |
1 |
|
|a Mehay, Stephen L.
|
| 700 |
1 |
|
|a Nunn, Geoffrey E.,
|d 1942-
|
| 999 |
|
|
|a MARS
|
| 999 |
f |
f |
|s 25454657-5dd2-34b3-a00d-87a177244918
|i d290844c-88f0-32d1-b944-1230b64783d4
|t 0
|
| 952 |
f |
f |
|p ric
|a Texas A&M University
|b Rellis Campus
|c Joint Library Facility
|d Remote Storage
|t 0
|e HT321 .U2915 1984
|h Library of Congress classification
|i unmediated -- volume
|m A14807894106
|
| 998 |
f |
f |
|a HT321 .U2915 1984
|t 0
|l Remote Storage
|